General Knowledge: Things with the same name #3 - Statistics

General Stats
  • This quiz has been taken 136 times
  • The average score is 10 of 25
Answer Stats
Question Answer % Correct
Pantheon In what city is the Parthenon? Athens
95%
Pantheon In what city is the Pantheon? Rome
84%
Lucerne Lucerne is a city famous for its covered wooden bridge, in what European country? Switzerland
70%
Tick Clocks are said to make the sound "tick" and what other sound? tock
68%
Gaels The Celtic people known as Gauls fought the Romans in the Gallic Wars, primarily in what modern-day country? France
64%
Tack Tic-tac-___ toe
62%
Orange William of Orange led a revolt that led to the independence of what country? Netherlands
60%
Tick How many legs does a tick have? 8
59%
Gaels The Celtic people known as Gaels originated in what modern-day country? Ireland
59%
Pantheon In what city is the Panthéon? Paris
52%
Gaels The Celtic people known as Gallaeci lend their name to Galicia, a region of what country? Spain
49%
Tack Horse tack includes a variety of equipment typically made from what material? leather
47%
Tick What syndrome causes people to have uncontrollable tics of repetitive movements or sounds? Tourette syndrome
47%
Bit How many bits are in a byte? 8
35%
Tick Many mammals have ticked fur, in which each hair is light at the base and dark at the tip. What pigment makes the tip dark? melanin
33%
Tick The written mark known as a tick in the UK is called what in North America? check mark
27%
Bit What kind of equestrian headgear includes a bit? bridle
26%
Gaels The Bible contains a letter to the Celtic people known as Galatians, in what modern-day country? Turkey
22%
Bit What is the part of a power drill that holds the bit called? chuck
19%
Orange Modern orange varieties such as the navel orange are hybrids of two citrus species: the pomelo and what? mandarin orange
15%
Lucerne Lucerne is a purple-flowered plant grown as food for livestock, also known as what? alfalfa
9%
Bit The Bit people are an ethnic group in China and what other country? Laos
9%
Tick A tick is the fabric covering of what? mattress or cushion
9%
Tack If a sailboat repeatedly tacks, what direction is it trying to go? upwind
9%
Tack In the movies, a wall covered with photos, newspaper clippings, thumb tacks, and string implies that what exists? a conspiracy
7%
No matching quizzes found
Score Distribution
Percent of People with Each Score
Percentile by Number Answered
Your Score History
You have not taken this quiz